Wszyscy rywale piłkarskiej reprezentacji Polski - Statystyki

Ogólne statystyki
  • Ten quiz został rozwiązany 356 razy
    133 od ostatniego zresetowania
  • Średni wynik to 75 z 95
Statystyki odpowiedzi
Odpowiedź % Poprawnych
Niemcy/RFN/NRD
96%
ZSRR/Rosja
96%
Portugalia
95%
Anglia
93%
Argentyna
93%
Brazylia
93%
Czechy
93%
Francja
93%
Hiszpania
93%
Australia
92%
Estonia
92%
Łotwa
92%
Austria
91%
Szwecja
91%
Meksyk
90%
Serbia i Czarnogóra/Serbia/Czarnogóra
90%
Słowacja
90%
Belgia
89%
Dania
89%
Finlandia
89%
Irlandia
89%
Japonia
89%
Litwa
89%
Norwegia
89%
San Marino
89%
Stany Zjednoczone
89%
Ukraina
89%
Białoruś
88%
Grecja
88%
Szwajcaria
88%
Chiny
87%
Słowenia
87%
Walia
87%
Arabia Saudyjska
86%
Holandia
86%
Andora
85%
Kanada
85%
Szkocja
85%
Węgry
85%
Włochy
85%
Egipt
84%
Turcja
84%
Rumunia
83%
Albania
82%
Chile
82%
Chorwacja
82%
Irlandia Północna
81%
Korea Południowa
81%
Urugwaj
81%
Armenia
80%
Mołdawia
80%
Kolumbia
79%
Luksemburg
79%
Republika Południowej Afryki
79%
Senegal
79%
Azerbejdżan
78%
Islandia
78%
Kazachstan
78%
Nowa Zelandia
77%
Bułgaria
76%
Ekwador
76%
Gruzja
76%
Maroko
76%
Boliwia
74%
Iran
74%
Liechtenstein
74%
Bośnia i Hercegowina
73%
Kamerun
73%
Nigeria
72%
Paragwaj
72%
Peru
72%
Algieria
71%
Malta
71%
Cypr
70%
Irak
70%
Izrael
70%
Korea Północna
70%
Kostaryka
70%
Macedonia Północna
70%
Indie
68%
Tunezja
68%
Wybrzeże Kości Słoniowej
67%
Wyspy Owcze
65%
Haiti
64%
Kuba
63%
Ghana
59%
Zjednoczone Emiraty Arabskie
58%
Gibraltar
57%
Jugosławia
56%
Tajlandia
55%
Czechosłowacja
53%
Libia
50%
Singapur
41%
Kuwejt
37%
Gwatemala
36%
Nie znaleziono quizów pasujących do podanych kryteriów
Rozkład punktacji
Procent ludzi z każdym wynikiem
Percentyl według liczby udzielonych odpowiedzi
Twoja historia wyników
Nie rozwiązałeś tego quizu od ostatniego zresetowania